000
00258nam a2200097Ia 4500
001
1207868
005
20250827022834.0
008
250824s9999 xx 000 0 und d
245
0
_a
TEŞKİLATI MAHSUSA OPERASYON
_c
MEHMET IŞIK
260
_b
YEDİVEREN YAYINLARI
999
_c
1207868
_d
1207868